Hadron interaction at intermediate and high energies under the hypothesis of "black" or "almost black" constituent quarks (Запись № 7870551)

Подробности
000 -МАРКЕР
контрольное поле 01977nam0a22003731 4500
001 - ИДЕНТИФИКАТОР ЗАПИСИ
контрольное поле RU\NLR\INFOCOMM_41\5000247217
005 - ИДЕНТИФИКАТОР ВЕРСИИ
контрольное поле 20250613090313.0
035 ## - ДРУГИЕ СИСТЕМНЫЕ НОМЕРА
Идентификатор записи (NLR Aleph) 009062197
100 ## - ДАННЫЕ ОБЩЕЙ ОБРАБОТКИ
Данные общей обработки 20081009d1979 |||y0rusy50 ca
101 0# - ЯЗЫК РЕСУРСА
Язык текста, звукозаписи и т.д. английский
Язык резюме русский
102 ## - СТРАНА ПУБЛИКАЦИИ ИЛИ ПРОИЗВОДСТВА
Страна публикации Российская Федерация
105 ## - ПОЛЕ КОДИРОВАННЫХ ДАННЫХ: ТЕКСТОВЫЕ МАТЕРИАЛЫ, МОНОГРАФИЧЕСКИЕ
Кодированные данные о монографическом текстовом документе a z 000zy
200 1# - ЗАГЛАВИЕ И СВЕДЕНИЯ ОБ ОТВЕТСТВЕННОСТИ
Основное заглавие Hadron interaction at intermediate and high energies under the hypothesis of "black" or "almost black" constituent quarks
Первые сведения об ответственности V. V. Anisovich, E. M. Levin, M. G. Ryskin
210 ## - ПУБЛИКАЦИЯ, РАСПРОСТРАНЕНИЕ И ДР.
Место издания, распространения и т.д. L.
Имя издателя, распространителя и т. д. ЛИЯФ
Дата издания, распространения и т.д. 1979
215 ## - ФИЗИЧЕСКАЯ ХАРАКТЕРИСТИКА
Специфическое обозначение материала и объем 24 с.
Другие сведения о физической характеристике ил.
Размеры 20 см
225 1# - СЕРИЯ
Основное заглавие серии Academy of sciences of the USSR, Leningrad nuclear physics institute
Обозначение тома 472
300 ## - ОБЩИЕ ПРИМЕЧАНИЯ
Текст примечания На обороте тит. л.: Адронные процессы при средних и больших энергиях в рамках гипотезы "черных" или "почти черных" составляющих кварков / В. В. Анисович, Е. М. Левин, М. Г. Рыскин
300 ## - ОБЩИЕ ПРИМЕЧАНИЯ
Текст примечания На обл. надзаг. на рус. яз.
300 ## - ОБЩИЕ ПРИМЕЧАНИЯ
Текст примечания Рез. на рус. яз.
320 ## - ПРИМЕЧАНИЯ О НАЛИЧИИ В ДОКУМЕНТЕ БИБЛИОГРАФИИ / УКАЗАТЕЛЯ
Текст примечания Библиогр.: с. 23-24
517 1# - ДРУГИЕ ВАРИАНТЫ ЗАГЛАВИЯ
Вариант заглавия Адронные процессы при средних и больших энергиях в рамках гипотезы "черных" или "почти черных" составляющих кварков
606 ## - НАИМЕНОВАНИЕ ТЕМЫ КАК ПРЕДМЕТ
Наименование темы Адронные процессы
Тематический подзаголовок Модель кварков
Код системы nlr_sh1
686 ## - ИНДЕКСЫ ДРУГИХ КЛАССИФИКАЦИЙ
Индекс В382.145
Код системы
700 #1 - ИМЯ ЛИЦА - ПЕРВИЧНАЯ ОТВЕТСТВЕННОСТЬ
Код отношения Автор
Графика поля Латинская
Материалы, к которым относится поле rus
Начальный элемент ввода Anisovič
Часть имени, кроме начального элемента ввода V. V.
Дополнения к именам, кроме дат д-р физ.-мат. наук, физика частиц
Даты 1932-
Расширение инициалов личного имени Vladimir Vladislavovič
Системный номер авторитетной/нормативной записи 238628
Идентификатор авторитетной/нормативной записи RU\NLR\AUTH\770238684
701 #1 - ИМЯ ЛИЦА - АЛЬТЕРНАТИВНАЯ ОТВЕТСТВЕННОСТЬ
Начальный элемент ввода Levin
Часть имени, кроме начального элемента ввода E. M.
Даты 1940-
Расширение инициалов личного имени Evgenij Markovič
Код отношения Автор
701 #1 - ИМЯ ЛИЦА - АЛЬТЕРНАТИВНАЯ ОТВЕТСТВЕННОСТЬ
Начальный элемент ввода Ryskin
Часть имени, кроме начального элемента ввода M. G.
Даты 1947-
Расширение инициалов личного имени Michail Grigor'evič
Код отношения Автор
790 #1 - ИМЯ ЛИЦА - АЛЬТЕРНАТИВНАЯ ФОРМА
Системный номер авторитетной/нормативной записи z02700
Начальный элемент ввода Anisovich
Часть имени, кроме начального элемента ввода V. V.
Код отношения Автор
801 #1 - ИСТОЧНИК ЗАПИСИ
Страна Российская Федерация
Организация NLR
Дата составления 20081009
801 #0 - ИСТОЧНИК ЗАПИСИ
Страна Российская Федерация
Организация NLR
Правила каталогизации PSBO
852 ## - МЕСТОНАХОЖДЕНИЕ И ШИФР ХРАНЕНИЯ
Идентификатор организации NLR
Шифр хранения (Call Number) Фз01 Д-4/1092
942 ## - ДОПОЛНИТЕЛЬНЫЕ ЭЛЕМЕНТЫ ЗАПИСИ (АБИС)
Тип экземпляра АБИС Книга
980 ## - КОЛЛЕКЦИЯ
Название коллекции Национальная библиография
Экземпляры
Тип экземпляра Дата поступления Библиотека постоянного хранения Библиотека текущего хранения Место хранения Шифр хранения Штрих-код Статус экземпляра
Книга 26.10.2013 РНБ (Московский) РНБ (Московский) Иностранный книжный фонд Фз01 Д-4/1092 9062197-10